000 00619cam a22002173a 4500
001 39890
003 PGUSA
005 20140828083905.0
008 120601s2012||||xxu|||||s|||||000 | eng d
040 _aPGUSA
_beng
042 _adc
100 1 _aFuseli, Henry
245 1 4 _aThe Life and Writings of Henry Fuseli, Vol. II (of 3)
_h[electronic resource] /
_cHenry Fuseli
260 _bProject Gutenberg,
_c2012
506 _aPublic domain in the USA.
516 _aElectronic text
700 1 _aKnowles, John
830 0 _aProject Gutenberg
_v39890
856 4 0 _uhttp://www.gutenberg.org/ebooks/39890
942 _cEB
999 _c269143
_d269143